• 首页
  • 本馆介绍
  • 公告通知
  • 最新文献
  • 馆藏检索
  • 电子资源
  • 读者导购
  • 参考咨询
  • 我的图书馆
  • 登录
  • 详细信息显示
  • 放入我的书架
  • 预约/预借图书
  • 作者相关作品
  • 分类相关作品
  • 丛书相关作品
  • 出版社相关作品

书目信息

  • 表格格式
  • 工作单格式
  • 卡片格式
题名:
区域经济学教程
    
 
作者: 孙久文 , 叶裕民 编著
分册:  
出版信息: 北京   中国人民大学出版社  2014
页数: 334页
开本: 26cm
丛书名:
单 册:
中图分类: F061.5
科图分类:
主题词: 区域经济学--高等教育--教材
电子资源:
ISBN: 978-7-300-11862-8
000 00974n|m0 2200277 450
001 338125
005 20150601163745.31
010    @a978-7-300-11862-8@dCNY35.00
100    @a20100618d2010 em y0chiy50 ea
101 0  @achi
102    @aCN@b110000
105    @ay z 000yy
135    @adrbn ---auuuu
200 1  @a区域经济学教程@Aqu yu jing ji xue jiao cheng@d= Textbook of regional economics@f孙久文, 叶裕民编著@zeng
205    @a第2版
210    @a北京@c中国人民大学出版社@d2014
215    @a334页@d26cm
325    @a电子复制品
330    @a本书分为十五章, 内容包括: 区域资源环境、区域经济增长、区域经济发展与产业结构、区域产业布局、区域贸易、区域经济合作、区域城镇体系建设等。
510 1  @aTextbook of regional economics@zeng
606 0  @a区域经济学@x高等教育@j教材
690    @aF061.5@v5
701  0 @a孙久文@Asun jiu wen@f(1956)@4编著
701  0 @a叶裕民@Aye yu min@c(女, @f1962)@4编著
801  0 @aCN@b卓展宏图@c20150525
905    @dF061.5@e136=2@f4
    
    区域经济学教程= Textbook of regional economics/孙久文, 叶裕民编著.-第2版.-北京:中国人民大学出版社,2014
    334页;26cm
    
    
    ISBN 978-7-300-11862-8:CNY35.00
    本书分为十五章, 内容包括: 区域资源环境、区域经济增长、区域经济发展与产业结构、区域产业布局、区域贸易、区域经济合作、区域城镇体系建设等。
●
相关链接 在E读中查询图书 在五车中查询图书 在当当中查询图书 在豆瓣中查询图书


正题名:区域经济学教程     索取号:F061.5/136=2         预约/预借

序号 登录号 条形码 馆藏地/架位号 状态 备注
1 857455   208574559   第一样本阅览室/ [索取号:F061.5/136=2] 在馆    
2 857456   208574568   第一借阅区/ [索取号:F061.5/136=2] 在馆    
3 857457   208574577   第一借阅区/ [索取号:F061.5/136=2] 在馆    
4 857458   208574586   密集书库-海洋学院/ [索取号:F061.5/136=2] 在馆    
唐山师范学院图书馆 欢迎您!
大连网信软件有限公司© 版权所有